书目信息 |
| 题名: |
聚合物量热测定
|
|
| 作者: | 陈学思 , 刘振海 , 畠山立子 编著 | |
| 分册: | ||
| 出版信息: | 北京 化学工业出版社 2002 |
|
| 页数: | 369页 | |
| 开本: | 20cm | |
| 丛书名: | ||
| 单 册: | ||
| 中图分类: | O631.2 | |
| 科图分类: | ||
| 主题词: | 高聚物 , 高分子化学 | |
| 电子资源: | ||
| ISBN: | 7-5025-3498-9 | |
| 000 | 00687nam0 2200217 450 | |
| 001 | 0735592734 | |
| 005 | 20070906095312.73 | |
| 010 | @a7-5025-3498-9@d¥28.00 | |
| 100 | @a20070906d km y0chiy0120 ea | |
| 101 | 0 | @achi |
| 200 | 1 | @a聚合物量热测定@Aju he wu liang re ce ding@f刘振海,畠山立子,陈学思等编著@Fliu zhen hai,tian shan li zi,chen xue si deng bian zhu |
| 210 | @a北京@c化学工业出版社@d2002 | |
| 215 | @a369页@d20cm | |
| 606 | 0 | @a高聚物 |
| 606 | 0 | @a高分子化学 |
| 690 | @aO631.2@v3 | |
| 701 | 0 | @a陈学思@Achen xue si@4编著 |
| 701 | 0 | @a刘振海@Aliu zhen hai@4编著 |
| 701 | 0 | @a畠山立子@Atian shan li zi@4编著 |
| 801 | 0 | @aCN@bPFT@c20070906 |
| 905 | @a213230@dO631.2@eP2@f1 | |
| 聚合物量热测定/刘振海,畠山立子,陈学思等编著.-北京:化学工业出版社,2002 |
| 369页;20cm |
| ISBN 7-5025-3498-9:¥28.00 |
| ● |
| 相关链接 |
|
|
|
|
正题名:聚合物量热测定
索取号:O631.2/P2
 
预约/预借
| 序号 | 登录号 | 条形码 | 馆藏地/架位号 | 状态 | 备注 |
| 1 | 7200836 | 272008365 | 物理系资料室/ [索取号:O631.2/P2] | 在馆 |